000 01353nam a2200349 i 4500
003 EG-GICUC
005 20260121101222.0
008 251115s2021 ua ||||fr|||| 00| 0 ara d
017 _a20215881
020 _a9789770488959
040 _a EG-GICUC
_bara
_c EG-GICUC
_d EG-GICUC
_erda
041 0 _aara
082 0 4 _221
_a341.851
_bا ح . ت
092 0 4 _221
099 _aLaw1 12 341.851 ا ح . ت 1 ed - 2021
100 0 _aاحمد جودة العزب
_eمؤلف.
245 1 2 _aالتحكيم في إطار المركز الدولي
_bلتسوية منازعات الاستثمار ( ICSID) /
_cاحمد جودة العزب.
250 _aالطبعة الاولى
264 _aالقاهرة:
_bدار النهضة العربية،
_c2021
300 _a474 ؛صفحة
_c24 سم.
336 _2rda content
_atext
337 _2rda media
_aComputer
338 _2rda carrier
_aOnline Resource
504 _aيحتوي على ارجاعات ببليوجرافية يحتوي على قائمة بالمراجع
546 _aالنص أغلبه باللغة العربية مع بعض النصوص الإنجليزية
650 1 _aالتحكيم - قانون دولي
_2qrmak
650 1 _aICSID
651 1 _2qrmak
856 4 0 _uhttps://fll.law.cu.edu.eg/fulltext/bks/B12-01068.pdf
905 _a75
_eYara
942 _2ddc
_n0
_cBK
_e21
999 _c43319
_d43319